Measuring time preferences (Record no. 515383)

000 -LEADER
fixed length control field 01134nam a22001577a 4500
008 - FIXED-LENGTH DATA ELEMENTS--GENERAL INFORMATION
fixed length control field 210125b ||||| |||| 00| 0 eng d
100 ## - MAIN ENTRY--PERSONAL NAME
Personal name Cohen, Jonathan. et al.
245 ## - TITLE STATEMENT
Title Measuring time preferences
260 ## - PUBLICATION, DISTRIBUTION, ETC. (IMPRINT)
Place of publication, distribution, etc Journal of Economic Literature
300 ## - PHYSICAL DESCRIPTION
Extent 58(2), Jun, 2020: p.299-347
520 ## - SUMMARY, ETC.
Summary, etc We review research that measures time preferences—i.e., preferences over intertemporal trade-offs. We distinguish between studies using financial flows, which we call "money earlier or later" (MEL) decisions, and studies that use time-dated consumption/effort. Under different structural models, we show how to translate what MEL experiments directly measure (required rates of return for financial flows) into a discount function over utils. We summarize empirical regularities found in MEL studies and the predictive power of those studies. We explain why MEL choices are driven in part by some factors that are distinct from underlying time preferences. – Reproduced
650 ## - SUBJECT ADDED ENTRY--TOPICAL TERM
Topical term or geographic name as entry element Dynamic analysis
9 (RLIN) 23702
773 ## - HOST ITEM ENTRY
Main entry heading Journal of Economic Literature
906 ## - LOCAL DATA ELEMENT F, LDF (RLIN)
Subject DIP OPTIMIZATION TECHNIQUES
942 ## - ADDED ENTRY ELEMENTS (KOHA)
Item type Articles
Holdings
Withdrawn status Lost status Source of classification or shelving scheme Damaged status Not for loan Permanent location Current location Date acquired Serial Enumeration / chronology Barcode Date last seen Koha item type
          Indian Institute of Public Administration Indian Institute of Public Administration 2021-01-25 58(2), Jun, 2020: p.299-347 AR123893 2021-01-25 Articles

Powered by Koha